000 00531nmm a2200169Ia 4500
008 251105s9999||||xx |||||||||||||||||und||
020 _a9788415538202
041 _aspa
100 _aGracia Ibáñez, Jorge
245 0 _aEl maltrato familiar hacia las personas mayores
264 _a[Madrid, España] :
_bPrensas Universitarias de Zaragoza,
_c2012
300 _a417 páginas
490 _aCiencias biomédicas
650 _aSocial Sciences (General)
856 _uhttps://public.digitaliapublishing.com/a/23473
942 _cCF
999 _c76819
_d76819